[Event "Victor Ciocaltea Mem"]
[Site "Bucharest ROM"]
[Date "2006.03.08"]
[Round "1"]
[White "Ionescu,Co"]
[Black "Badea,B"]
[Result "1/2-1/2"]
[WhiteElo "2463"]
[BlackElo "2492"]

1.c4 c6 2.d4 d5 3.cxd5 cxd5 4.Nc3 Nf6 5.Nf3 Nc6 6.Bf4 Bf5 7.e3 e6 8.Bd3 Bxd3
9.Qxd3 Bd6 10.Bxd6 Qxd6 11.O-O O-O 12.Rfc1 Rac8  1/2-1/2

[Event "XXII Open"]
[Site "Reykjavik ISL"]
[Date "2006.03.10"]
[Round "5"]
[White "Moskow,E"]
[Black "Gretarsson,Hj"]
[Result "0-1"]
[WhiteElo "2248"]
[BlackElo "2046"]

1.c4 c6 2.Nf3 d5 3.cxd5 cxd5 4.d4 Nf6 5.Nc3 Nc6 6.Bf4 Ne4 7.e3 Nxc3 8.bxc3 g6
9.Bd3 Bg7 10.h3 O-O 11.O-O Be6 12.Rb1 Na5 13.Qe2 Rc8 14.Rfc1 a6 15.Ne5 f6
16.Nf3 Qd7 17.e4 b5 18.Nd2 Rfe8 19.a4 Nc4 20.axb5 axb5 21.Nxc4 bxc4 22.Bc2 Bf7
23.e5 g5 24.Bg3 f5 25.f4 Bh6 26.Rf1 e6 27.Qe3 Qe7 28.fxg5 Bxg5 29.Bf4 Bxf4
30.Qxf4 Kh8 31.Kh1 Rg8 32.Rf2 Rcf8 33.Bd1 Rb8 34.Ra1 Ra8 35.Rfa2 Rxa2 36.Rxa2 Qb7
37.Qh4 Rg6 38.Qd8+ Bg8 39.Qa5 Rg3 40.Bf3 Qg7 41.Qd8 Rg6 42.Qh4 Qb7 43.Qe1 Rg7
44.Qa1 Qe7 45.Qc1 Qf8 46.Qa3 Qb8 47.Rb2 Ra7 48.Rxb8 Rxa3 49.Bh5 Kg7 50.Rb7+ Kh6
51.g4 fxg4 52.hxg4 Rxc3 53.Rb8 Kg7 54.Rb7+ Kh6 55.Rb8 Kg7 56.Rb7+ Kh8 57.Rb8 Rb3
58.Rc8 Rb7 59.Kg2 Kg7 60.Kf3 Bf7 61.Bxf7 Rxf7+ 62.Kg3 Rf1 63.Rc7+ Kg8 64.Re7 c3
65.Rc7 Rc1 66.Kf2 c2 67.Ke2 Rd1 68.Rxc2 Rxd4 69.Kf3 Re4 70.Rc7 h6 71.Rc8+ Kg7
72.Rc7+ Kg6 73.Rc8 Rxe5 74.Rg8+ Kf7 75.Rh8 Kg7 76.Ra8 h5 77.gxh5 Rxh5 78.Kf4 Rf5+
79.Ke3 Kf6 80.Ra6 Ke5 81.Ra5 Rh5 82.Ra4 Rh3+ 83.Ke2 d4 84.Kd2 Ke4 85.Ra6 Rh2+
86.Kd1 e5 87.Ra3 d3 88.Ra5 Kd4 89.Ra4+ Ke3  0-1

[Event "U20ch-RUS"]
[Site "Cheboksary RUS"]
[Date "2006.03.11"]
[Round "10"]
[White "Iljin,A"]
[Black "Kharitonov,Alexandr"]
[Result "0-1"]
[WhiteElo "2510"]
[BlackElo "2535"]

1.c4 c6 2.Nf3 d5 3.e3 Nf6 4.Nc3 e6 5.b3 Nbd7 6.Qc2 Bd6 7.Bb2 O-O 8.Rg1 Qe7
9.g4 Ba3 10.Bxa3 Qxa3 11.g5 Ne8 12.Bd3 g6 13.h4 Ng7 14.Nh2 f5 15.gxf6 Nxf6
16.Nf3 Qe7 17.Ng5 e5 18.cxd5 cxd5 19.Nxd5 Nxd5 20.Bc4 Be6 21.Nxe6 Qxe6 22.Qd3 Rad8
23.e4 Kh8 24.exd5 Qf6 25.O-O-O a6 26.Qe4 b5 27.Be2 Qf4 28.f3 Nh5 29.Rg4 Qh2
30.Rg5 Rfe8 31.Bf1 Nf6 32.Qe2 Qxh4 33.Qg2 Qd4 34.Kb1 Nxd5 35.Rc1 Nf4 36.Qg4 Qxd2  0-1

[Event "Bundesliga 2005-6"]
[Site "Kirchheim GER"]
[Date "2006.03.11"]
[Round "12"]
[White "Poldauf,D"]
[Black "Dautov,R"]
[Result "1/2-1/2"]
[WhiteElo "2417"]
[BlackElo "2589"]

1.c4 c6 2.Nf3 d5 3.g3 Nf6 4.Bg2 dxc4 5.Qc2 b5 6.a4 Bb7 7.b3 cxb3 8.Qxb3 a6
9.Ba3 Nbd7 10.d4 e6 11.Bxf8 Nxf8 12.O-O N8d7 13.Nbd2 O-O 14.Rfc1 Qb6 15.Nc4 bxc4
16.Qxb6 Nxb6 17.Rab1 Rab8 18.Rxb6 Nd7 19.Rb4 c5 20.dxc5 Bd5 21.Rxb8 Rxb8
22.c6 Bxc6 23.Rxc4 Rb1+ 24.Bf1 Bxf3 25.Rc8+ Nf8 26.exf3 Ra1 27.Ra8 Rxa4 28.Rxa6  1/2-1/2

[Event "FIDE WCh Women KO"]
[Site "Ekaterinburg RUS"]
[Date "2006.03.12"]
[Round "1.2"]
[White "Khurtsidze,N"]
[Black "Wang Yu A"]
[Result "1/2-1/2"]
[WhiteElo "2430"]
[BlackElo "2385"]

1.c4 c6 2.e4 e5 3.Nf3 d6 4.d4 Bg4 5.Be2 Nd7 6.Nc3 Be7 7.O-O Ngf6 8.Be3 O-O
9.Qc2 Re8 10.Rfd1 Qc7 11.Rac1 h6 12.b4 Bxf3 13.Bxf3 exd4 14.Bxd4 Nh7 15.Be2 Bg5
16.Rb1 Nhf8 17.f3 Ne6 18.Bf2 Nf4 19.Bf1 Ne5 20.Ne2 Nxe2+ 21.Bxe2 Ng6 22.g3 Bf6
23.f4 Nf8 24.Bf3 Ne6 25.Qd2 Rad8 26.Rb3 c5 27.Rd3 Bd4 28.bxc5 dxc5 29.e5 Bxf2+
30.Kxf2 Nd4 31.a4 Kh8 32.Bd5 b6 33.Re1 Re7 34.g4 Rde8 35.g5 h5 36.g6 fxg6
37.Rg3 Rf8 38.Kg2 Ne6 39.Rf1 g5 40.Bxe6 Rxe6 41.Rxg5 Rh6 42.Rf3 h4 43.f5 h3+
44.Rxh3  1/2-1/2

[Event "FIDE WCh Women KO"]
[Site "Ekaterinburg RUS"]
[Date "2006.03.16"]
[Round "3.3"]
[White "Kovalevskaya,E"]
[Black "Peng Zhaoqin"]
[Result "1-0"]
[WhiteElo "2458"]
[BlackElo "2407"]

1.c4 c6 2.Nf3 d5 3.cxd5 cxd5 4.g3 Nc6 5.Bg2 Nf6 6.O-O e6 7.d3 Be7 8.Nc3 O-O
9.e4 dxe4 10.dxe4 e5 11.Nd5 Bg4 12.h3 Bxf3 13.Qxf3 Nd4 14.Qd3 Rc8 15.Be3 Nxd5
16.exd5 Nc2 17.Rad1 Nxe3 18.Qxe3 Bd6 19.Qxa7 Qe7 20.Qe3 f5 21.Rc1 Bc5 22.Qb3 Kh8
23.d6 Qxd6 24.Bxb7 Rcd8 25.Kg2 h6 26.Qb5 Bd4 27.b3 e4 28.Rcd1 Qf6 29.Qc4 e3
30.fxe3 Bxe3 31.Bf3 f4 32.Rxd8 Rxd8 33.Rd1 Rf8 34.Qe2 Qg5 35.g4 Rc8 36.Kh1 Qg6
37.Qd3 Qe8 38.Qf5 Rc5 39.Qe4 Qxe4 40.Bxe4 g5 41.a4 Rc3 42.Rb1 Kg7 43.b4 Ra3
44.a5 Kf6 45.b5 Rxa5 46.b6 Ke5 47.Bg2 f3 48.Bxf3 Kf4 49.Bg2 Kg3 50.b7 Bf4
51.Rb3+ Kh4 52.b8=Q Bxb8 53.Rxb8 Ra6 54.Kh2 Rf6 55.Rb5 Rd6 56.Rb2 Rf6 57.Re2 Rb6
58.Re3 Rd6 59.Kg1 h5 60.gxh5 Kxh5 61.Kh2 Rb6 62.Kg3 Rd6 63.Bf3+ Kg6 64.Ra3 Kf6
65.Ra8 Rd4 66.Ra6+ Ke5 67.Bg4 Rd3+ 68.Kf2 Rb3 69.Re6+ Kd4 70.Rg6 Rb5 71.Kg3 Ke4
72.Re6+ Kd5 73.Re8 Kd6 74.Bf3 Kd7 75.Re4 Kd6 76.Kg4 Ra5 77.Rc4 Ke6 78.Be4 Kf6
79.Bf5 Ra6 80.Rb4 Rc6 81.Be4 Re6 82.Kf3 Ra6 83.Rb5 Ra3+ 84.Kg4 Ra4 85.Rb6+ Ke5
86.Kxg5 Rxe4 87.Rb8 Kd6 88.h4 Ke7 89.h5 Re1 90.h6 Rg1+ 91.Kf4 Rh1 92.Kg5 Kd6  1-0

[Event "66th ch-ARM"]
[Site "Yerevan ARM"]
[Date "2006.03.16"]
[Round "1"]
[White "Anastasian,A"]
[Black "Asrian,K"]
[Result "1/2-1/2"]
[WhiteElo "2602"]
[BlackElo "2646"]

1.c4 c6 2.Nf3 d5 3.e3 Nf6 4.Nc3 e6 5.b3 Nbd7 6.Bb2 Bd6 7.Qc2 O-O 8.Be2 Qe7
9.O-O b6 10.cxd5 cxd5 11.Nb5 Ba6 12.Rfc1 Rac8 13.Qd1 Bxb5 14.Bxb5 Ba3 15.Bxa3 Qxa3
16.d4 a6 17.Bxd7 Nxd7 18.Rc2 Rxc2 19.Qxc2 g6 20.Rc1 a5 21.h3 b5 22.Qc7 a4
23.bxa4 bxa4 24.Rc2 Qb4 25.g4 Nb6 26.Qc5 Qb1+ 27.Rc1 Qb2 28.Rc2  1/2-1/2

[Event "Victor Ciocaltea Mem"]
[Site "Bucharest ROM"]
[Date "2006.03.17"]
[Round "10"]
[White "Ionescu,Co"]
[Black "Sanduleac,V"]
[Result "1/2-1/2"]
[WhiteElo "2463"]
[BlackElo "2473"]

1.c4 c6 2.e4 d5 3.exd5 cxd5 4.d4 Nf6 5.Nc3 e6 6.Nf3 Bb4 7.cxd5 Nxd5 8.Bd2 Nc6
9.Bd3 Be7 10.a3 O-O 11.O-O Nf6  1/2-1/2

[Event "2nd Bundesliga Ost 2005-6"]
[Site "Austria AUT"]
[Date "2006.03.18"]
[Round "10"]
[White "Hangweyrer,R"]
[Black "Mayr,T"]
[Result "1-0"]
[WhiteElo "2193"]
[BlackElo "2128"]

1.c4 c6 2.e4 d5 3.exd5 cxd5 4.d4 Nf6 5.Nc3 e6 6.Nf3 Nc6 7.c5 Ne4 8.Bb5 Nxc3
9.bxc3 Qc7 10.O-O Be7 11.Re1 Bd7 12.Rb1 O-O 13.c4 dxc4 14.Bxc4 b6 15.cxb6 axb6
16.Bb2 Bf6 17.d5 exd5 18.Bxd5 Bxb2 19.Rxb2 Ra5 20.Qb3 Nd8 21.Rc2 Qd6 22.Rd2 Ba4
23.Bxf7+ Nxf7 24.Qxf7+ Kxf7 25.Rxd6 Re8 26.Rxb6 Rxe1+ 27.Nxe1 Re5 28.Rb1 Re2
29.Ra1 Ke6 30.Nd3 Kd6 31.a3 Rd2 32.Nb4 Kc5 33.f4 Kc4 34.Re1 Rd1 35.Rxd1 Bxd1
36.h3 Kb3 37.Nc6 Kxa3 38.Nd4 h5 39.Kf2 Kb4 40.Ne6 g6 41.Nf8 Bc2 42.Kg3 Be4
43.Kh4 Kc5 44.g3 Kd4 45.Kg5 Ke3 46.Nxg6 Kf3 47.g4  1-0

[Event "Pius Brinzeu Mem"]
[Site "Timisoara ROM"]
[Date "2006.03.18"]
[Round "1"]
[White "Chirita,M"]
[Black "Mateuta,G"]
[Result "0-1"]
[WhiteElo "1987"]
[BlackElo "2460"]

1.c4 c6 2.g3 d5 3.cxd5 cxd5 4.d4 Nc6 5.Nf3 Nf6 6.Bg2 Bf5 7.O-O e6 8.Bg5 Be7
9.Nc3 O-O 10.Rc1 Rc8 11.e3 h6 12.Bxf6 Bxf6 13.Qd2 Be7 14.Rfd1 Na5 15.Qe2 Nc4
16.Ne1 Qa5 17.Nd3 b5 18.b3 Nxe3 19.fxe3 Rxc3 20.Ne5 Rfc8 21.Rxc3 Qxc3 22.g4 Bc2
23.Rf1 f6 24.Ng6 Bxg6  0-1

[Event "2nd Bundesliga Ost 2005-6"]
[Site "Austria AUT"]
[Date "2006.03.19"]
[Round "11"]
[White "Lipp,A"]
[Black "Herndlbauer,M"]
[Result "0-1"]
[WhiteElo "2155"]
[BlackElo "2125"]

1.c4 c6 2.d4 d5 3.Nc3 dxc4 4.a4 e5 5.dxe5 Qxd1+ 6.Kxd1 Na6 7.Nf3 Be6 8.Bf4 O-O-O+
9.Ke1 Bb4 10.Ng5 Ne7 11.e4 Ng6 12.Bg3 Rd4 13.f4 Nc5 14.Bf2 Rxe4+ 15.Nxe4 Nxe4
16.Rc1 Nxf4 17.Bxa7 c5 18.Bb6 Nd5 19.a5 Ndxc3 20.bxc3 Bxc3+ 21.Rxc3 Nxc3
22.Kd2 Na4 23.Be2 Nxb6 24.axb6 Rd8+ 25.Kc3 Rd4 26.Ra1 Kd7 27.Rb1 Kc6 28.Bf3+ Bd5
29.Bd1 Rd3+ 30.Kc2 Be4 31.Rb2 Rb3+ 32.Kc1 Rxb2 33.Kxb2 Kxb6 34.g3 Kc6 35.Kc3 b5
36.Bg4 Kd5 37.Bc8 b4+  0-1

[Event "TCh-HUN 2005-6"]
[Site "Hungary HUN"]
[Date "2006.03.19"]
[Round "9"]
[White "Stohl,I"]
[Black "Izsak,Gyu"]
[Result "1-0"]
[WhiteElo "2538"]
[BlackElo "2431"]

1.c4 c6 2.d4 d5 3.Nf3 Nf6 4.e3 e6 5.Nbd2 Be7 6.Bd3 O-O 7.O-O Nbd7 8.b3 b6
9.Bb2 Bb7 10.Qe2 c5 11.Rac1 Rc8 12.Rfd1 cxd4 13.Nxd4 Nc5 14.Bb1 Ncd7 15.e4 e5
16.Nf5 d4 17.f4 Bc5 18.Kh1 g6 19.fxe5 Nxe5 20.Nf3 gxf5 21.Nxe5 Nxe4 22.Bxe4 Bxe4
23.b4 f6 24.Nd3 Bd6 25.Bxd4 Qc7 26.Nf2 Rce8 27.Nxe4 Rxe4 28.Qh5 Bf4 29.Qxf5 Qe7
30.Rb1 Bc7 31.Bg1 Rf7 32.c5 Re5 33.Qg4+ Rg5 34.Qf3 Qe6 35.Rd2 Kg7 36.Rf1 bxc5
37.bxc5 Qg4 38.Qxg4 Rxg4 39.Rd4 h5 40.Rfd1 Rxd4 41.Bxd4 Re7 42.g3 Kg6 43.Rd2 f5
44.Kg2 f4 45.gxf4 Bxf4 46.Rc2 Bc7 47.Bf2 Kf7 48.c6 a5 49.Bg3 Ke8 50.Bxc7 Rxc7
51.Kg3 Kd8 52.Kh4 Rh7 53.c7+ Kc8 54.h3 a4 55.Rc4 a3 56.Rc3 Rh8 57.Kg5 h4
58.Rxa3 Kxc7 59.Ra4 Rg8+ 60.Kxh4 Rg2 61.Rc4+ Kd6 62.a4 Ke5 63.a5 Ra2 64.Rc5+ Kf6
65.Kh5 Ra1 66.h4 Ra4 67.Rb5 Ra1 68.Kg4 Ra4+ 69.Kg3 Ra3+ 70.Kf2 Ra2+ 71.Ke3 Ra3+
72.Kd4 Ra4+ 73.Kc5 Rxh4 74.a6  1-0

[Event "TCh-HUN 2005-6"]
[Site "Hungary HUN"]
[Date "2006.03.19"]
[Round "9"]
[White "Pinter,J"]
[Black "Varga,Zo"]
[Result "1/2-1/2"]
[WhiteElo "2530"]
[BlackElo "2525"]

1.c4 c6 2.Nf3 d5 3.e3 Nf6 4.b3 Bg4 5.Bb2 e6 6.Be2 Bd6 7.O-O Nbd7 8.Nc3 O-O
9.Rc1 a6 10.d4 b5 11.Nd2 Bxe2 12.Qxe2 bxc4 13.bxc4 Bxh2+ 14.Kxh2 Qb8+ 15.Kg1 Qxb2
16.Nb3 Qxe2 17.Nxe2 a5 18.Rc2 Ne4 19.f3 Nd6 20.Nd2 Rfb8 21.Rfc1 Kf8 22.Nf4 Ke7
23.Nd3 f6 24.Kf2 Rb7 25.Rc3 a4 26.Ke2 Ra5 27.Kf2 c5 28.g4 h5 29.gxh5 cxd4
30.exd4 dxc4 31.Nxc4 Rxh5 32.Nxd6 Kxd6 33.Rc6+ Ke7 34.Rxe6+ Kxe6 35.Nf4+ Kd6
36.Nxh5 Rb2+ 37.Ke3 g6 38.Ng3 f5 39.Ne2 Nb6 40.Nc3 Nd5+ 41.Nxd5 Kxd5 42.Rc5+ Ke6
43.Rc6+ Kf7 44.Rc7+ Kf6 45.Rc6+  1/2-1/2

[Event "TCh-HUN 2005-6"]
[Site "Hungary HUN"]
[Date "2006.03.19"]
[Round "9"]
[White "Gal,Jo"]
[Black "Valko,K"]
[Result "1/2-1/2"]
[WhiteElo "2346"]
[BlackElo "2251"]

1.c4 c6 2.g3 d5 3.cxd5 cxd5 4.Bg2 Nf6 5.Nf3 Nc6 6.O-O Bf5 7.d3 e6 8.Nc3 Be7
9.Qa4 O-O 10.Bf4 Bd6 11.Bxd6 Qxd6 12.Nb5 Qd7 13.Qf4 a6 14.Nbd4 Nxd4 15.Nxd4 Bg6
16.Rfc1 Rfc8 17.Bf3 h6 18.Nb3 Qe7 19.Rxc8+ Rxc8 20.Rc1 Qd7 21.Rc3 Ne8 22.Qb4 Rxc3
23.Qxc3 Qc7 24.Nc5 Nd6 25.Kg2 Nb5 26.Qb4 Nd6 27.Nb3 b5 28.Qc5 Qxc5 29.Nxc5 Kf8
30.Kf1 Ke8 31.Ke1 Ke7 32.Kd2 Kd8 33.h4 Kc7 34.e3 Kc6 35.Nb3 Kc7 36.a3 Kc6
37.Nd4+ Kd7 38.Ne2 Ke7 39.Nf4 Bh7 40.Bd1 Bf5 41.g4 Bh7 42.Bb3 g5 43.hxg5 hxg5
44.Nh3 f6 45.f4 Nf7 46.Ke2 Nh6  1/2-1/2

[Event "Open"]
[Site "Bad Woerishofen GER"]
[Date "2006.03.20"]
[Round "4"]
[White "Stark,L"]
[Black "Burmakin,V"]
[Result "1-0"]
[WhiteElo "2366"]
[BlackElo "2519"]

1.c4 c6 2.g3 d5 3.Bg2 d4 4.Nf3 g6 5.d3 Bg7 6.b4 Nh6 7.O-O O-O 8.Bb2 a5 9.a3 e5
10.Nbd2 Qe7 11.Re1 Nf5 12.Ne4 Rd8 13.Nfd2 h5 14.bxa5 Rxa5 15.Nb3 Ra7 16.a4 Qc7
17.a5 Bf8 18.Qd2 Na6 19.Ba3 Bxa3 20.Rxa3 Qe7 21.Qg5 Qxg5 22.Nxg5 Ng7 23.Rb1 Kf8
24.Rf1 f6 25.Ne4 Ke7 26.f4 exf4 27.Rxf4 Bf5 28.Nec5 Nxc5 29.Nxc5 Bc8 30.Ra1 f5
31.Rff1 Kd6 32.Nb3 Ne6 33.e3 dxe3 34.d4 c5 35.dxc5+ Ke5 36.Bd5 Nd4 37.Rae1 e2
38.Nxd4 Kxd4 39.Rxe2 Rxa5 40.Bxb7 Kxc4 41.Rc1+ Kb3 42.Rb1+ Kc3 43.Rc1+ Kb3
44.c6 g5 45.c7 Rf8 46.Bxc8 Rxc8 47.Re6 Kb2 48.Rec6 Rd5 49.R1c5 Rxc5 50.Rxc5 Kb3
51.Rxf5 Rxc7 52.Rxg5 h4 53.g4 Kc4 54.Kg2 Kd4 55.Kh3 Rc2 56.Rf5 Ke4 57.Rf8 Ke5
58.g5 Ke6 59.g6  1-0

[Event "Sozina Open"]
[Site "Bar SCG"]
[Date "2006.03.22"]
[Round "5"]
[White "Lazic,Mir"]
[Black "Kalezic,B"]
[Result "1/2-1/2"]
[WhiteElo "2466"]
[BlackElo "2435"]

1.c4 c6 2.d4 d5 3.e3 Nf6 4.Nf3 e6 5.Bd3 Nbd7 6.O-O Bd6 7.Nbd2 O-O 8.e4 e5
9.cxd5 cxd5 10.exd5 exd4 11.Ne4 Nxe4 12.Bxe4 Nc5 13.Qxd4 Nxe4 14.Qxe4 Re8
15.Qd4 Bf5 16.Bg5 f6 17.Bh4 Re4 18.Qd2 Qb6 19.Bg3 Rd8 20.Rad1 Bg6 21.Bxd6 Qxd6
22.Rfe1 b6 23.Qc3 h6 24.h3 Qc5 25.Qxc5 bxc5 26.Rxe4 Bxe4 27.d6 g5 28.Rc1 Rxd6
29.Rxc5 Rd1+ 30.Kh2 Bxf3 31.gxf3 Rd2 32.Rb5 Kf7 33.Kg3 a6 34.Rb6 a5 35.a4 Kg6
36.Rb5 f5 37.Kg2 f4 38.Kf1 Kh5 39.Rxa5 Rxb2 40.Ra6 Ra2 41.Kg2 Ra3 42.Ra8 Kh4
43.a5 h5 44.Ra7  1/2-1/2

[Event "Sozina Open"]
[Site "Bar SCG"]
[Date "2006.03.23"]
[Round "6"]
[White "Dedic,S"]
[Black "Smailovic,R"]
[Result "0-1"]
[WhiteElo "2039"]
[BlackElo "2181"]

1.c4 c6 2.d4 d5 3.e3 Nf6 4.Nc3 e6 5.a3 Bd6 6.Nf3 a6 7.c5 Bc7 8.Bd3 Nbd7 9.b4 O-O
10.Bb2 e5 11.dxe5 Nxe5 12.Nxe5 Bxe5 13.Na4 Bxb2 14.Nxb2 Qe7 15.O-O Qe5 16.Na4 Ng4
17.g3 Qh5 18.h4 g5 19.Kg2 gxh4 20.Rh1 h3+ 21.Kf1 Bf5 22.Be2 Rae8 23.Ke1 Qg6
24.Bxg4 Bxg4 25.Qb1 Qh5 26.Kd2 d4 27.e4 Bf3 28.Re1 h2 29.Nb6 Qg5+ 30.Kd3 h1=Q
31.Kc4 Qhh6 32.Nd5 cxd5+ 33.Kb3 dxe4 34.Rg1 Qe6+ 35.Kb2 Qd2+ 36.Qc2 Qxc2+
37.Kxc2 Qc4+ 38.Kb2 Qc3+ 39.Ka2 e3 40.Rac1 Bd5+ 41.Kb1 Qb3+ 42.Ka1 Qa2+  0-1

[Event "22nd Spring Festival Open"]
[Site "Budapest HUN"]
[Date "2006.03.24"]
[Round "2"]
[White "Kradolfer,G"]
[Black "Bjornsson,T"]
[Result "1/2-1/2"]
[WhiteElo "2133"]
[BlackElo "2213"]

1.c4 c6 2.d4 d5 3.cxd5 cxd5 4.Nf3 Nf6 5.Nc3 Nc6 6.Bf4 e6 7.e3 Bd6 8.Bxd6 Qxd6
9.Bd3 O-O 10.O-O e5 11.dxe5 Nxe5 12.Nxe5 Qxe5 13.Be2 Be6 14.Qd4 Qxd4 15.exd4 Ne4
16.Rac1 Rac8 17.Nb5 Rfd8 18.f3 Nf6 19.Bd3 a6 20.Rxc8 Rxc8 21.Nc3  1/2-1/2

[Event "VII Dos Hermanas Internet"]
[Site "ICC INT"]
[Date "2006.03.24"]
[Round "1.2"]
[White "Zhang Pengxiang"]
[Black "Abergel,T"]
[Result "1-0"]
[WhiteElo "2638"]
[BlackElo "2426"]

1.c4 c6 2.Nc3 d5 3.d4 Nf6 4.cxd5 cxd5 5.Bf4 Nc6 6.Nf3 a6 7.e3 Bg4 8.Be2 e6
9.O-O Be7 10.Rc1 O-O 11.h3 Bxf3 12.Bxf3 Rc8 13.Na4 Nd7 14.a3 b5 15.Nc5 Nxc5
16.dxc5 Bf6 17.Qe2 Ne5 18.Bxe5 Bxe5 19.b4 Qf6 20.Rc2 Rc6 21.g3 Qh6 22.Bg2 f5
23.f4 Bf6 24.g4 fxg4 25.hxg4 Qh4 26.g5 Be7 27.Rf3 Qg4 28.Kf1 Qf5 29.Bh3 Qg6
30.Rf2 Qe4 31.Bg2 Qg6 32.e4 d4 33.Rd2 e5 34.fxe5 Qxg5 35.Rxf8+ Bxf8 36.Rxd4 Qxe5
37.Rd5 Rf6+ 38.Kg1 Qa1+ 39.Rd1 Qxa3 40.e5 Rf4 41.Rd8 Qxb4 42.c6 Qc5+ 43.Kh2 Rf5
44.Qa2+ Kh8 45.Qe2 g6 46.Bf3 Qe7 47.Rd4 Bg7 48.Rd7 Qh4+ 49.Kg2 Rg5+ 50.Kf1 Qh3+
51.Bg2 Rf5+ 52.Kg1  1-0

[Event "VII Dos Hermanas Internet"]
[Site "ICC INT"]
[Date "2006.03.24"]
[Round "1.4"]
[White "Zhang Pengxiang"]
[Black "Abergel,T"]
[Result "1-0"]
[WhiteElo "2638"]
[BlackElo "2426"]

1.c4 c6 2.d4 d5 3.cxd5 cxd5 4.Nc3 Nf6 5.Bf4 Nc6 6.e3 a6 7.Bd3 Bg4 8.Nge2 e6
9.f3 Bh5 10.Bg3 Bg6 11.O-O Rc8 12.Rc1 Bxd3 13.Qxd3 Be7 14.a3 O-O 15.Na4 Nh5
16.Bf2 Bd6 17.Nc5 Qc7 18.f4 Nf6 19.Bh4 Bxc5 20.Bxf6 Ba7 21.Bh4 f6 22.Rc2 Qf7
23.Bg3 Ne7 24.Rfc1 Rxc2 25.Qxc2 Nf5 26.Bf2 Nd6 27.Qc7 Qxc7 28.Rxc7 Rf7 29.Rc2 h5
30.Be1 Bb6 31.Bb4 Rc7 32.Rxc7 Bxc7 33.Bxd6 Bxd6 34.Kf2 Kf7 35.Kf3 Kg6 36.e4 dxe4+
37.Kxe4 Kf7 38.h3 h4 39.Ng1 g5 40.fxg5 fxg5 41.Nf3 Kf6 42.d5 exd5+ 43.Kxd5 Bf4
44.a4 a5 45.Ke4 Bc1 46.b3 Bb2 47.Nd2 Bc3 48.Nc4 Bb4 49.Ne3 Ke6 50.Nd5 Be1
51.Ne3 Bc3 52.Nf5 Be5 53.Ne3 Bd6 54.Nc4 Bb4 55.Ne3 Bd6 56.Nf5 Ba3 57.Nd4+ Kf6
58.Nf3 Bb4 59.Nd4 Bc5 60.Nf3 Bb4 61.Nd4 Bd2 62.Nf3 Bc1 63.Nd4 Ba3 64.Nf3 Bb2
65.Nd2 Ke6 66.Nc4 Bc3 67.Kd3 Be1 68.Ke4 Bb4 69.Ne5 Bd6 70.Nc4 Bc7 71.Nd2 Kd6
72.Nf3 Bd8 73.Kd4 Kc6 74.Ne5+ Kd6 75.Nf7+ Kd7 76.Nxd8 Kxd8 77.Ke5 Ke7 78.Kf5 Kd6
79.Kxg5 Kc5 80.Kxh4 Kb4 81.g4 Kxb3 82.g5 Kxa4 83.g6 b5 84.g7 b4 85.g8=Q b3
86.Qc4+ Ka3 87.Qc1+ b2 88.Qc3+ Ka2 89.Qxa5+ Kb1 90.Kg3 Kc2 91.Qc5+  1-0

[Event "2nd Bundesliga Mitte 2005-6"]
[Site "Austria AUT"]
[Date "2006.03.25"]
[Round "10"]
[White "Spirk,S"]
[Black "Grafenhofer,H"]
[Result "1-0"]
[WhiteElo "2113"]
[BlackElo "1942"]

1.c4 c6 2.Nf3 Nf6 3.g3 g6 4.Bg2 Bg7 5.O-O O-O 6.d4 d5 7.Nc3 Nbd7 8.cxd5 cxd5
9.Qb3 e6 10.Bf4 a6 11.a4 Qb6 12.Qxb6 Nxb6 13.a5 Nbd7 14.Rfc1 b5 15.Na2 Re8
16.Rc7 Bf8 17.Rac1 Ne4 18.Nd2 Bd6 19.Nxe4 Bxc7 20.Rxc7 dxe4 21.Bxe4 Rb8 22.Bc6 Rd8
23.Bxd7 Bxd7 24.Rxd7 Rxd7 25.Bxb8 Rxd4 26.b4 Rc4 27.Be5 Re4 28.Bf6 Rxe2 29.Nc3 Rc2
30.Kf1 h6 31.Ke1 g5 32.Bd4 Rb2 33.Bc5 Rc2 34.Ne4 f5 35.Nf6+ Kf7 36.Nd7 f4
37.Nb8 fxg3 38.hxg3 h5 39.Kf1 Rxc5 40.bxc5 b4 41.Nc6 b3 42.Ne5+ Ke7 43.Nd3 e5
44.f3 Ke6 45.Ke2 Kd5 46.Kd2 h4 47.gxh4 gxh4 48.c6 Kxc6 49.Nxe5+ Kd5 50.Ng6  1-0

[Event "ch-Moscow Final"]
[Site "Moscow RUS"]
[Date "2006.03.29"]
[Round "5"]
[White "Grigoriants,S RUS"]
[Black "Kharitonov,Alexandr"]
[Result "1-0"]
[WhiteElo "2550"]
[BlackElo "2535"]

1.c4 c6 2.d4 d5 3.Nf3 Nf6 4.e3 Bf5 5.Nc3 e6 6.Nh4 Bg6 7.Nxg6 hxg6 8.Qc2 Nbd7
9.Bd2 Rc8 10.Be2 Be7 11.O-O O-O 12.c5 e5 13.b4 a6 14.f4 exd4 15.exd4 Re8
16.f5 Nf8 17.fxg6 Nxg6 18.Kh1 Ne4 19.Nxe4 dxe4 20.Rxf7 Kxf7 21.Bc4+ Kf8 22.Qxe4 Bf6
23.Qxg6 Qd7 24.Bg5 Re6 25.Rf1 Qe8 26.Qf5 Re1 27.Bxf6 Rxf1+ 28.Qxf1  1-0

[Event "TCh-FRA Top 16 Gp A"]
[Site "Montpellier FRA"]
[Date "2006.03.31"]
[Round "5"]
[White "Wirig,A"]
[Black "Sebag,M"]
[Result "1-0"]
[WhiteElo "2410"]
[BlackElo "2415"]

1.c4 c6 2.Nf3 d5 3.e3 Nf6 4.Nc3 e6 5.b3 Nbd7 6.Bb2 Bd6 7.Qc2 a6 8.Be2 e5
9.d4 O-O 10.dxe5 Nxe5 11.cxd5 cxd5 12.O-O Nc6 13.Rad1 Re8 14.Qd2 Be6 15.Nd4 Qc7
16.h3 Nxd4 17.Qxd4 Bh2+ 18.Kh1 Be5 19.Qd3 Rac8 20.Rc1 Qd7 21.Na4 Bxb2 22.Nxb2 Bxh3
23.Rxc8 Qxc8 24.Bf3 Bf5 25.Qd1 Bc2 26.Qe2 Be4 27.Nd3 Qf5 28.Rd1 h5 29.Nc5 Qc8
30.b4 b6 31.Nb3 Ng4 32.Kg1 Qc7 33.Bxg4 hxg4 34.Qxg4 Qc2 35.Nd4 Qxa2 36.Qd7 Rf8
37.Nc6 g6 38.Qc7 Qe2 39.Rf1 Kg7 40.Nd4 Qg4 41.f3 Qc8 42.Qxc8 Rxc8 43.fxe4 dxe4
44.Ra1 Rc4 45.Rxa6 Rxb4 46.Ra7 Kf6 47.Rb7 Rb2 48.Kh2 g5 49.Kh3 Kg6 50.Re7 f5
51.Re6+ Kf7 52.Re5 f4 53.exf4 gxf4 54.Rxe4 b5 55.Rxf4+ Kg6 56.Rf3  1-0

[Event "FSIM April"]
[Site "Budapest HUN"]
[Date "2006.04.01"]
[Round "1"]
[White "Farago,S"]
[Black "Nguyen Huynh Minh H"]
[Result "1/2-1/2"]
[WhiteElo "2282"]
[BlackElo "2217"]

1.c4 c6 2.Nf3 d5 3.b3 Nf6 4.Bb2 Bf5 5.d3 h6 6.Nbd2 e6 7.g3 Nbd7 8.Bg2 Bc5
9.O-O O-O 10.cxd5 exd5 11.Nd4 Bh7  1/2-1/2

[Event "V Open"]
[Site "Dos Hermanas ESP"]
[Date "2006.04.01"]
[Round "3"]
[White "Cheparinov,I"]
[Black "Kononenko,T"]
[Result "1-0"]
[WhiteElo "2625"]
[BlackElo "2417"]

1.c4 c6 2.Nf3 d5 3.e3 Nf6 4.Nc3 a6 5.b3 Bg4 6.h3 Bh5 7.g4 Bg6 8.Ne5 d4 9.exd4 Qxd4
10.Qe2 Ne4 11.Nxg6 Nxc3 12.Qf3 hxg6 13.dxc3 Qe5+ 14.Be2 Nd7 15.Bf4 Qf6 16.g5 Qf5
17.Rd1 e5 18.Be3 Qxf3 19.Bxf3 Be7 20.h4 a5 21.Ke2 O-O-O 22.h5 gxh5 23.Bxh5 f5
24.gxf6 Nxf6 25.Rxd8+ Rxd8 26.Bb6 Rf8 27.Bg6 Nd7 28.Be3 Bc5 29.Rh7 Bxe3 30.Kxe3 Kc7
31.Rxg7 Kd6 32.Bc2 Rf6 33.b4 axb4 34.cxb4 b6 35.a4 c5 36.b5 Rf8 37.Be4 Rb8
38.Rf7 Ke6 39.Bd5+ Kd6 40.Bc6 Nf8 41.Rg7 Rd8 42.Rb7 Ne6 43.Rxb6 Nd4 44.Bd5+ Kc7
45.Rb7+ Kc8 46.Ra7 Rd6 47.Ke4 Rf6 48.Rf7 Rh6 49.a5 Rh4+ 50.Kxe5 Rh5+ 51.Ke4 Rh4+
52.Kd3 Kb8 53.Rf8+ Kc7 54.b6+  1-0

[Event "It"]
[Site "Frascati ITA"]
[Date "2006.04.01"]
[Round "8"]
[White "Damljanovic,B"]
[Black "Bruno,F"]
[Result "1-0"]
[WhiteElo "2615"]
[BlackElo "2409"]

1.c4 c6 2.e4 d5 3.exd5 cxd5 4.cxd5 Nf6 5.Nc3 Nxd5 6.Nf3 e6 7.d4 Nc6 8.Bb5 Bd7
9.O-O Be7 10.Re1 O-O 11.a3 Nxc3 12.bxc3 Rc8 13.Bd3 Bf6 14.Rb1 Na5 15.Qc2 h6
16.Bf4 Bc6 17.Ne5 Bd5 18.Qc1 Bg5 19.h4 Bxh4 20.Bxh6 Bxf2+ 21.Kxf2 Qh4+ 22.Kg1 Qxh6
23.Qxh6 gxh6 24.Re3 Rc7 25.Rg3+ Kh8 26.Rf1 Rg8 27.Rxf7 Rxg3 28.Rxc7 Nc6 29.Ng6+ Kg8
30.Nf4 Rg4 31.Nxd5 exd5 32.Rxb7 Rg3 33.Bb5 Na5 34.Rc7 Rg7 35.Rc5 Rg5 36.Bd7 Nc4
37.Be6+ Kf8 38.Bxd5 Nxa3 39.Kf2 Ke7 40.Ra5 Nb1 41.Rxa7+ Kd6 42.c4  1-0

[Event "TCh-FRA Top 16 Gp B"]
[Site "Gonfreville FRA"]
[Date "2006.04.02"]
[Round "7"]
[White "Gurevich,M"]
[Black "Kallai,G"]
[Result "1-0"]
[WhiteElo "2633"]
[BlackElo "2504"]

1.c4 c6 2.Nf3 d5 3.e3 Nf6 4.d4 a6 5.Bd3 dxc4 6.Bxc4 e6 7.O-O c5 8.a4 Nc6
9.Qe2 Qc7 10.Nc3 Be7 11.Rd1 O-O 12.h3 Rd8 13.b3 b6 14.Bb2 Bb7 15.d5 exd5
16.Nxd5 Nxd5 17.Bxd5 Nb4 18.Bc4 Bd5 19.Bc3 Qb7 20.Bxb4 cxb4 21.Rac1 a5 22.Bxd5 Rxd5
23.e4 Rxd1+ 24.Rxd1 Qc6 25.Nd4 Qc3 26.Rd3 Qc1+ 27.Rd1 Qc3 28.Rd3 Qc1+ 29.Kh2 Bc5
30.Nf3 Re8 31.g3 h6 32.Kg2 Bf8 33.e5 Qc6 34.Kh2 Bc5 35.Nd2 Bf8  1-0

[Event "43rd ch-IND"]
[Site "Visakhapatnam IND"]
[Date "2006.04.03"]
[Round "1"]
[White "Ravi,L"]
[Black "Sundararajan,K"]
[Result "0-1"]
[WhiteElo "2423"]
[BlackElo "2495"]

1.c4 c6 2.Nf3 d5 3.b3 Nf6 4.Bb2 Bf5 5.d3 e6 6.g3 Bd6 7.Bg2 h6 8.Nbd2 O-O
9.O-O Bh7 10.Qc2 Nbd7 11.Rfe1 Re8 12.Rad1 Qe7 13.Qc1 e5 14.e4 Nc5 15.Qc2 dxe4
16.dxe4 a5 17.Nh4 Qc7 18.h3 Rad8 19.a3 Bf8 20.Bc3 b5 21.Re3 Na6 22.Bb2 b4
23.a4 Nc5 24.Nf5 Rd7 25.g4 Red8 26.Bf3 Ne6 27.Nf1 Bc5 28.Ree1 Nf4 29.Rxd7 Rxd7
30.Bg2 Nd3 31.Re2 Bg6 32.Ba1 h5 33.g5 Nh7 34.h4 Nf8 35.Rd2 Ne1 36.Qd1 Rxd2
37.Qxd2 Nxg2 38.Kxg2 Ne6 39.N1e3 Nd4 40.Qd3 Qd7 41.Ng3 Qe7 42.Nef5 Qd7 43.Qd1 Qe6
44.Bxd4 exd4  0-1

[Event "32nd ch-IND w"]
[Site "Visakhapatnam IND"]
[Date "2006.04.04"]
[Round "2"]
[White "Harika,D"]
[Black "Vijayalakshmi,S"]
[Result "1/2-1/2"]
[WhiteElo "2358"]
[BlackElo "2479"]

1.c4 c6 2.d4 d5 3.cxd5 cxd5 4.Nc3 Nc6 5.Nf3 Nf6 6.Bf4 Bf5 7.e3 e6 8.Bd3 Bxd3
9.Qxd3 Bd6 10.O-O O-O 11.Rac1 Rc8 12.Bxd6 Qxd6  1/2-1/2

[Event "FSIM April"]
[Site "Budapest HUN"]
[Date "2006.04.05"]
[Round "5"]
[White "Farago,S"]
[Black "Arngrimsson,D"]
[Result "1/2-1/2"]
[WhiteElo "2282"]
[BlackElo "2298"]

1.c4 c6 2.Nf3 d5 3.b3 Nf6 4.Bb2 Bg4 5.Ne5 Bf5 6.d3 e6 7.Nd2 h6 8.g3 Be7 9.Bg2 O-O
10.O-O Nbd7  1/2-1/2